Hãy tiếp tục cảnh giác với bọn CIA

Na minha lista:
Detalhes bibliográficos
Autor principal: Hà Việt
Formato: Livro
Idioma:Undetermined
Publicado em: Hà Nội Quân đội nhân dân 1978
Assuntos:
Tags: Adicionar Tag
Sem tags, seja o primeiro a adicionar uma tag!
Thư viện lưu trữ: Trung tâm Học liệu Trường Đại học Cần Thơ
LEADER 00491nam a2200169Ia 4500
001 CTU_5463
008 210402s9999 xx 000 0 und d
082 |a 327.14 
082 |b H100 
100 |a Hà Việt 
245 0 |a Hãy tiếp tục cảnh giác với bọn CIA 
245 0 |c Hà Việt 
260 |a Hà Nội 
260 |b Quân đội nhân dân 
260 |c 1978 
650 |a international relations 
980 |a Trung tâm Học liệu Trường Đại học Cần Thơ